[Event "NAYCC U16 w"]
[Site "Toronto CAN"]
[Date "2013.08.18"]
[Round "8"]
[White "Roque Sola, Gisela"]
[Black "Giblon, Rebecca"]
[Result "1-0"]
[WhiteElo "1794"]
[BlackElo "1783"]
[PlyCount "61"]
[GameId "2160767909292610"]
[EventDate "2013.08.14"]
[EventType "swiss"]
[EventRounds "9"]
[EventCountry "CAN"]
[SourceTitle "EXT 2022"]
[Source "ChessBase"]
[SourceDate "2021.10.06"]
[SourceVersion "1"]
[SourceVersionDate "2021.10.06"]
[SourceQuality "1"]

1. c4 e5 2. Nc3 Nf6 3. Nf3 Nc6 4. g3 d5 5. cxd5 Nxd5 6. d3 Be6 7. Bg2 Nb6 8. O-O f6 9. Bd2 Qd7 10. Re1 O-O-O 11. Rc1 Kb8 12. Be3 g5 13. Ne4 Be7 14. Nc5 Bxc5 15. Rxc5 Nd4 16. Bxd4 exd4 17. Qc2 h5 18. Rc1 c6 19. b4 h4 20. b5 Bd5 21. a4 Qh7 22. bxc6 Bxc6 23. a5 hxg3 24. hxg3 g4 25. Nh4 Bxg2 26. Kxg2 Nd5 27. Qc4 Nf4+ 28. Kf1 Rhf8 29. Rc7 Qh5 30. Rxb7+ Ka8 31. Qc7 1-0

[Event "NAYCC U16 w"]
[Site "Toronto CAN"]
[Date "2013.08.18"]
[Round "8"]
[White "Virkud, Apurva"]
[Black "Fleurisca, Robesca Annase"]
[Result "1-0"]
[WhiteElo "2078"]
[BlackElo "1165"]
[PlyCount "55"]
[GameId "2160767909292612"]
[EventDate "2013.08.14"]
[EventType "swiss"]
[EventRounds "9"]
[EventCountry "CAN"]
[SourceTitle "EXT 2022"]
[Source "ChessBase"]
[SourceDate "2021.10.06"]
[SourceVersion "1"]
[SourceVersionDate "2021.10.06"]
[SourceQuality "1"]

1. d4 d5 2. c4 Nf6 3. cxd5 Nxd5 4. e4 Nb6 5. Nc3 e5 6. d5 Bc5 7. Nf3 Bg4 8. Be2 Bxf3 9. Bxf3 Qf6 10. O-O c6 11. a3 O-O 12. Qe2 cxd5 13. exd5 N8d7 14. Bd2 Qe7 15. Rac1 Nf6 16. Bg5 a6 17. Ne4 Nbd7 18. Nxf6+ Nxf6 19. Bxf6 gxf6 20. Be4 Kh8 21. Qh5 f5 22. Bxf5 f6 23. Rxc5 Qg7 24. d6 Rg8 25. g3 Rad8 26. Rc7 Rxd6 27. Qxh7+ Qxh7 28. Rxh7# 1-0

[Event "NAYCC U16 w"]
[Site "Toronto CAN"]
[Date "2013.08.18"]
[Round "8"]
[White "Zhang, Manxuan (Rebecca)"]
[Black "Xiang, Ellen"]
[Result "0-1"]
[WhiteElo "1147"]
[BlackElo "2072"]
[PlyCount "98"]
[GameId "2160767909292613"]
[EventDate "2013.08.14"]
[EventType "swiss"]
[EventRounds "9"]
[EventCountry "CAN"]

1. e4 c5 2. Nc3 g6 3. f4 Nc6 4. Nf3 Bg7 5. Bc4 e6 6. e5 d6 7. exd6 Qxd6 8. d3 Nf6 9. O-O O-O 10. Ne4 Qe7 11. Qe1 b6 12. Qh4 Bb7 13. Ne5 Nxe4 14. Qxe7 Nxe7 15. dxe4 Bxe4 16. c3 Rfd8 17. Be3 Nf5 18. Bf2 Rd2 19. Rfe1 Bb7 20. b3 Rad8 21. Kf1 Bf6 22. g3 Nd6 23. Be2 Ne4 24. Be3 Rc2 25. Rec1 Rxc3 26. Bf2 Rxc1+ 27. Rxc1 Nxf2 28. Kxf2 Bxe5 29. fxe5 Rd2 30. a4 Ba6 31. Re1 Kf8 32. Ke3 Rxe2+ 33. Rxe2 Bxe2 34. Kxe2 Ke7 35. Ke3 a6 36. g4 g5 37. h3 Kd7 38. Kf3 Kc6 39. Ke4 h6 40. Ke3 Kd5 41. Kd3 Kxe5 42. Ke3 f5 43. Kf3 f4 44. Ke2 Ke4 45. Kf2 f3 46. Kf1 Ke3 47. Ke1 f2+ 48. Kf1 Kf3 49. b4 cxb4 0-1

[Event "NAYCC U16 w"]
[Site "Toronto CAN"]
[Date "2013.08.18"]
[Round "9"]
[White "Fleurisca, Robesca Annase"]
[Black "Shao, Stephanie"]
[Result "0-1"]
[WhiteElo "1165"]
[BlackElo "1871"]
[PlyCount "78"]
[GameId "2160767909292614"]
[EventDate "2013.08.14"]
[EventType "swiss"]
[EventRounds "9"]
[EventCountry "CAN"]
[SourceTitle "EXT 2022"]
[Source "ChessBase"]
[SourceDate "2021.10.06"]
[SourceVersion "1"]
[SourceVersionDate "2021.10.06"]
[SourceQuality "1"]

1. e4 e5 2. Nf3 Nf6 3. Nc3 Nc6 4. Bc4 Nxe4 5. Nxe4 d5 6. Bb5 dxe4 7. Nxe5 Qd5 8. Nxc6 Qxb5 9. Nd4 Qe5 10. c3 Bd6 11. Qe2 a6 12. Nb3 Bd7 13. d4 exd3 14. Qxe5+ Bxe5 15. O-O O-O-O 16. Be3 f6 17. Rad1 Bf5 18. Rd2 Rhe8 19. Rfd1 Bg4 20. f3 Bf5 21. Nc5 Bxc3 22. bxc3 Rxe3 23. Kf2 Re7 24. Nxd3 Red7 25. Ke2 Bxd3+ 26. Rxd3 Rxd3 27. Rxd3 Rxd3 28. Kxd3 Kd7 29. Ke4 Ke6 30. Kd4 b6 31. c4 c6 32. a4 h5 33. c5 b5 34. axb5 axb5 35. Kc3 Ke5 36. Kb4 g5 37. Ka5 Kd4 38. Kb6 Kd5 39. g3 b4 0-1

[Event "NAYCC U16 w"]
[Site "Toronto CAN"]
[Date "2013.08.18"]
[Round "9"]
[White "Giblon, Rebecca"]
[Black "Lu, Mandy"]
[Result "1/2-1/2"]
[WhiteElo "1783"]
[BlackElo "1923"]
[PlyCount "38"]
[GameId "2160767909292615"]
[EventDate "2013.08.14"]
[EventType "swiss"]
[EventRounds "9"]
[EventCountry "CAN"]
[SourceTitle "hb 2013"]

1. e4 e5 2. Nf3 Nc6 3. d4 exd4 4. Nxd4 Bc5 5. Be3 Qf6 6. Nb5 Bxe3 7. fxe3 Qd8 8. Qg4 g6 9. Qf4 d6 10. Bc4 Be6 11. Bxe6 fxe6 12. O-O Nge7 13. Qf7+ Kd7 14. Rf6 Kc8 15. Qxe6+ Qd7 16. Qxd7+ Kxd7 17. N1c3 Ne5 18. Re1 a6 19. Nd4 Rae8 1/2-1/2

[Event "NAYCC U16 w"]
[Site "Toronto CAN"]
[Date "2013.08.18"]
[Round "9"]
[White "Peng, Sarah"]
[Black "Roque Sola, Gisela"]
[Result "0-1"]
[WhiteElo "839"]
[BlackElo "1794"]
[PlyCount "148"]
[GameId "2160767909292616"]
[EventDate "2013.08.14"]
[EventType "swiss"]
[EventRounds "9"]
[EventCountry "CAN"]
[SourceTitle "EXT 2022"]
[Source "ChessBase"]
[SourceDate "2021.10.06"]
[SourceVersion "1"]
[SourceVersionDate "2021.10.06"]
[SourceQuality "1"]

1. e4 e6 2. Nc3 d5 3. exd5 exd5 4. d4 c6 5. Nf3 Bd6 6. Bd3 Ne7 7. O-O Bf5 8. Bxf5 Nxf5 9. Re1+ Ne7 10. Bd2 O-O 11. Ng5 f6 12. Ne6 Qd7 13. Nxf8 Kxf8 14. Qh5 Kg8 15. Re3 g6 16. Qf3 Nf5 17. Rd3 Na6 18. a3 Nc7 19. Ne2 Ne6 20. c3 Re8 21. Nf4 Ng5 22. Qd1 Qe7 23. Nh3 Ne6 24. Qg4 Qc7 25. g3 Qb6 26. b4 Qb5 27. Rf3 Qe2 28. Bf4 Bxf4 29. Nxf4 Nxf4 30. Rxf4 Qxg4 31. Rxg4 g5 32. Kf1 h5 33. Rxg5+ fxg5 34. a4 Nd6 35. Kg2 g4 36. h3 Re2 37. Kf1 Rc2 38. hxg4 hxg4 39. Ra3 Ne4 40. b5 Rxf2+ 41. Kg1 Rf3 42. bxc6 Rxg3+ 43. Kh2 bxc6 44. Rb3 Rxc3 45. Rb8+ Kf7 46. Rb7+ Ke6 47. a5 Rc4 48. Rxa7 Rxd4 49. a6 Nc5 50. Ra8 Nxa6 51. Rxa6 Kd6 52. Kg3 Kc5 53. Ra8 Kb4 54. Rc8 c5 55. Rb8+ Kc3 56. Rb1 c4 57. Kf2 Kc2 58. Rg1 c3 59. Ke3 Re4+ 60. Kf2 Kd2 61. Kg3 c2 62. Rg2+ Re2 63. Rxe2+ Kxe2 64. Kxg4 c1=Q 65. Kf5 Qe3 66. Kf6 Qe4 67. Kf7 Qe5 68. Kg6 Qf4 69. Kg7 d4 70. Kg6 d3 71. Kg7 d2 72. Kg6 d1=R 73. Kg7 Rg1+ 74. Kh7 Qh4# 0-1

[Event "NAYCC U16 w"]
[Site "Toronto CAN"]
[Date "2013.08.18"]
[Round "9"]
[White "Sametova, Zhanna"]
[Black "Wang, Joie"]
[Result "1/2-1/2"]
[WhiteElo "1821"]
[BlackElo "1819"]
[PlyCount "130"]
[GameId "2160767909292617"]
[EventDate "2013.08.14"]
[EventType "swiss"]
[EventRounds "9"]
[EventCountry "CAN"]
[SourceTitle "hb 2013"]

1. e4 c5 2. Nf3 Nc6 3. d4 cxd4 4. Nxd4 Nf6 5. Nc3 d6 6. Bg5 e6 7. f4 Be7 8. Qd3 O-O 9. O-O-O Nxd4 10. Qxd4 Qa5 11. Bd3 Rd8 12. Qe3 Ng4 13. Qg3 Bxg5 14. Qxg4 Bf6 15. e5 dxe5 16. Ne4 Be7 17. Qh5 h6 18. fxe5 Qxa2 19. Rhf1 Qa1+ 20. Kd2 Qa5+ 21. Ke2 Rf8 22. Rf3 f6 23. Rdf1 Qxe5 24. Qxe5 fxe5 25. Rxf8+ Bxf8 26. Bc4 Bd7 27. Rd1 Rc8 28. Bb3 Rc7 29. Rxd7 Rxd7 30. Bxe6+ Rf7 31. Bxf7+ Kxf7 32. Kf3 Ke6 33. c4 b6 34. Ke3 Bc5+ 35. Kd3 a5 36. b3 Bd4 37. g4 g6 38. h3 h5 39. Kc2 hxg4 40. hxg4 Kd7 41. Kd3 Kc6 42. Kc2 b5 43. Kd3 a4 44. cxb5+ Kxb5 45. bxa4+ Kxa4 46. Nd2 Kb5 47. Nf3 Kc5 48. Ke4 Kd6 49. Nh4 g5 50. Nf3 Bb2 51. Nxg5 Ke7 52. Kf5 Bc1 53. Nf3 e4 54. Kxe4 Kf6 55. Ne5 Kg5 56. Kf3 Bb2 57. Nd3 Ba1 58. Nc5 Bb2 59. Ne4+ Kg6 60. Kf4 Bc1+ 61. Ke5 Bg5 62. Ke6 Bc1 63. Ke5 Bg5 64. Nf2 Bc1 65. Nh3 Bd2 1/2-1/2

[Event "NAYCC U16 w"]
[Site "Toronto CAN"]
[Date "2013.08.18"]
[Round "9"]
[White "Virkud, Apurva"]
[Black "Zhang, Manxuan (Rebecca)"]
[Result "1-0"]
[WhiteElo "2078"]
[BlackElo "1147"]
[PlyCount "63"]
[GameId "2160767909292618"]
[EventDate "2013.08.14"]
[EventType "swiss"]
[EventRounds "9"]
[EventCountry "CAN"]
[SourceTitle "hb 2013"]

1. d4 d5 2. c4 e6 3. Nc3 Nf6 4. cxd5 exd5 5. Bg5 Be7 6. e3 O-O 7. Bd3 Nc6 8. Nge2 h6 9. Bh4 Be6 10. O-O Re8 11. a3 Qd7 12. Rc1 a6 13. Bb1 Rad8 14. b4 Ng4 15. Bg3 Bd6 16. Nf4 Ne7 17. Na4 Nf6 18. Nc5 Qc8 19. Ncxe6 fxe6 20. Qb3 Rf8 21. h3 e5 22. dxe5 Bxe5 23. Nxd5 Nexd5 24. Bxe5 Kh8 25. e4 Rde8 26. f4 Ne7 27. Rxc7 Qa8 28. Bd6 Nfg8 29. e5 Rc8 30. Qd3 Nf5 31. Rxc8 Qxc8 32. Bxf8 1-0

[Event "NAYCC U16 w"]
[Site "Toronto CAN"]
[Date "2013.08.18"]
[Round "9"]
[White "Xiang, Ellen"]
[Black "D'Alonzo, Jovanna"]
[Result "1-0"]
[WhiteElo "2072"]
[BlackElo "1137"]
[PlyCount "59"]
[GameId "2160767909292619"]
[EventDate "2013.08.14"]
[EventType "swiss"]
[EventRounds "9"]
[EventCountry "CAN"]
[SourceTitle "hb 2013"]

1. d4 f5 2. c4 e6 3. Nf3 Nf6 4. g3 Be7 5. Bg2 O-O 6. O-O Nc6 7. b3 b6 8. Ne5 Bb7 9. Nc3 Bb4 10. Bb2 Bxc3 11. Bxc3 d5 12. Bb2 Qd6 13. Rc1 Nd7 14. Ba3 Qxa3 15. Nxd7 Rfd8 16. cxd5 exd5 17. Bxd5+ Kh8 18. Bxc6 Bxc6 19. Rxc6 Rxd7 20. Qc2 Rxd4 21. Rxc7 Rdd8 22. Rc1 Qxc1+ 23. Qxc1 Re8 24. Qg5 Rg8 25. Qxf5 a5 26. Rb7 Rad8 27. Rxb6 Rb8 28. Rxb8 Rxb8 29. Qxa5 Rd8 30. Qxd8# 1-0

[Event "NAYCC U18"]
[Site "Toronto CAN"]
[Date "2013.08.14"]
[Round "1"]
[White "Florea, Alexandru"]
[Black "Song, Michael"]
[Result "1-0"]
[WhiteElo "2122"]
[BlackElo "2368"]
[PlyCount "75"]
[GameId "2160767909292621"]
[EventDate "2013.08.14"]
[EventType "swiss"]
[EventRounds "9"]
[EventCountry "CAN"]
[SourceTitle "hb 2013"]

1. e4 e5 2. Nf3 Nc6 3. Bc4 Bc5 4. c3 Nf6 5. b4 Bb6 6. d3 d6 7. Bg5 O-O 8. h3 Qe7 9. Nbd2 Nd8 10. O-O Ne6 11. Bxe6 Qxe6 12. Nc4 h6 13. Be3 Bxe3 14. Nxe3 g6 15. Re1 Re8 16. Qd2 Kg7 17. Nh2 c6 18. Neg4 Ng8 19. d4 h5 20. Ne3 Nf6 21. f3 a5 22. a3 axb4 23. axb4 Rxa1 24. Rxa1 d5 25. exd5 Nxd5 26. Re1 Nf6 27. dxe5 Qxe5 28. Nc2 Qd5 29. Nd4 Rd8 30. Nf1 Qd6 31. Ne3 Qc7 32. Nef5+ gxf5 33. Qg5+ Kh7 34. Qxf6 Rd6 35. Qg5 Rg6 36. Qxh5+ Rh6 37. Qg5 Be6 38. Nxf5 1-0

[Event "NAYCC U18"]
[Site "Toronto CAN"]
[Date "2013.08.14"]
[Round "1"]
[White "Inigo, Aquino"]
[Black "Vibbert, Sean"]
[Result "0-1"]
[WhiteElo "2241"]
[BlackElo "2426"]
[PlyCount "56"]
[GameId "2160767909292622"]
[EventDate "2013.08.14"]
[EventType "swiss"]
[EventRounds "9"]
[EventCountry "CAN"]
[SourceTitle "hb 2013"]

1. d4 d5 2. c4 e6 3. Nc3 Nf6 4. Bg5 Nbd7 5. Nf3 c6 6. e3 Qa5 7. Nd2 Bb4 8. Qc2 O-O 9. Be2 Ne4 10. Ndxe4 dxe4 11. Bf4 e5 12. dxe5 Nxe5 13. O-O Bxc3 14. bxc3 Re8 15. Qb3 Ng6 16. Bd6 Qg5 17. Qb4 Nh4 18. Bg3 Nf5 19. Bf4 Qf6 20. c5 a5 21. Qb2 g5 22. Bc7 Ne7 23. Bc4 Be6 24. Bxe6 Qxe6 25. Qxb7 Qd7 26. Rab1 Nd5 27. Rfd1 Qxc7 28. Rxd5 Rab8 0-1

[Event "NAYCC U18"]
[Site "Toronto CAN"]
[Date "2013.08.14"]
[Round "1"]
[White "Itkin, David"]
[Black "Chandra, Akshat"]
[Result "1-0"]
[WhiteElo "2182"]
[BlackElo "2395"]
[PlyCount "109"]
[GameId "2160767909292623"]
[EventDate "2013.08.14"]
[EventType "swiss"]
[EventRounds "9"]
[EventCountry "CAN"]
[SourceTitle "hb 2013"]

1. e4 c5 2. Nf3 Nc6 3. Nc3 d6 4. d4 cxd4 5. Nxd4 Nf6 6. Bc4 Qb6 7. Nb3 e6 8. Bf4 Ne5 9. Be2 Bd7 10. O-O Be7 11. Be3 Qc7 12. f4 Nc4 13. Bxc4 Qxc4 14. Qf3 Qc7 15. Rad1 O-O 16. Qg3 Bc6 17. e5 Nh5 18. Qh3 g6 19. g4 Ng7 20. Nd4 dxe5 21. Nxc6 bxc6 22. fxe5 Qxe5 23. Rde1 Qa5 24. Kh1 Rad8 25. Ne4 Qxa2 26. Bc5 f5 27. Bxe7 fxe4 28. Rxf8+ Rxf8 29. Bxf8 Kxf8 30. Qxh7 Qc4 31. Qxg6 e3 32. Qf6+ Kg8 33. Qd8+ Kf7 34. Qd7+ Kg8 35. Qd3 Qxg4 36. Qxe3 Qb4 37. Qe5 Kf7 38. Rf1+ Nf5 39. b3 c5 40. Qc7+ Kf6 41. Qd8+ Kf7 42. Qc7+ Kf6 43. Qf4 Qc3 44. Qh6+ Ke7 45. Qh7+ Kd6 46. Rd1+ Nd4 47. Qd3 Qxd3 48. Rxd3 Ke5 49. h4 Nf5 50. h5 Kf4 51. Rc3 e5 52. Kg2 e4 53. Rxc5 Kg4 54. Rxf5 Kxf5 55. c4 1-0

[Event "NAYCC U18"]
[Site "Toronto CAN"]
[Date "2013.08.14"]
[Round "1"]
[White "Knox, Christopher"]
[Black "Schneider, Thomas G"]
[Result "1/2-1/2"]
[WhiteElo "2319"]
[BlackElo "1952"]
[PlyCount "85"]
[GameId "2160767909292624"]
[EventDate "2013.08.14"]
[EventType "swiss"]
[EventRounds "9"]
[EventCountry "CAN"]
[SourceTitle "EXT 2022"]
[Source "ChessBase"]
[SourceDate "2021.10.06"]
[SourceVersion "1"]
[SourceVersionDate "2021.10.06"]
[SourceQuality "1"]

1. d4 d5 2. c4 c6 3. Nf3 Nf6 4. e3 e6 5. b3 Nbd7 6. Bb2 b6 7. Bd3 Bb7 8. O-O Bd6 9. Ne5 O-O 10. Nd2 c5 11. f4 dxc4 12. Ndxc4 Be7 13. Nxd7 Nxd7 14. Qc2 f5 15. e4 cxd4 16. exf5 exf5 17. Bxf5 Nf6 18. Be6+ Kh8 19. Ne5 Bc5 20. Qf5 Bc8 21. Qh3 Bxe6 22. Ng6+ Kg8 23. Qxe6+ Rf7 24. Ne5 Qe7 25. Qxf7+ Qxf7 26. Nxf7 Kxf7 27. b4 Bxb4 28. Bxd4 Rd8 29. Bxf6 Kxf6 30. Rfd1 Re8 31. Rd7 a5 32. Kf2 Rc8 33. Rb7 Rc2+ 34. Kf3 Bc5 35. a4 Rf2+ 36. Kg3 Rd2 37. h4 h5 38. Rb1 Rd3+ 39. Kh2 Rd4 40. R1xb6+ Bxb6 41. Rxb6+ Kf7 42. Rb5 Rxa4 43. Rxh5 1/2-1/2

[Event "NAYCC U18"]
[Site "Toronto CAN"]
[Date "2013.08.14"]
[Round "1"]
[White "Liang, Awonder"]
[Black "MacDonald, Sydney"]
[Result "1-0"]
[WhiteElo "2268"]
[BlackElo "725"]
[PlyCount "69"]
[GameId "2160767909292626"]
[EventDate "2013.08.14"]
[EventType "swiss"]
[EventRounds "9"]
[EventCountry "CAN"]
[SourceTitle "hb 2013"]

1. e4 e5 2. Nf3 Nc6 3. d4 exd4 4. Nxd4 Nf6 5. Nxc6 bxc6 6. e5 Nd5 7. Bc4 Nb6 8. Bd3 Be7 9. Qg4 Bf8 10. Bg5 d6 11. Qg3 Qd7 12. O-O Qg4 13. exd6 Qxg3 14. Re1+ Be6 15. d7+ Kxd7 16. hxg3 Bd6 17. Nc3 h6 18. Bf4 Rhe8 19. Rad1 Nd5 20. Ne4 Nxf4 21. gxf4 Bxa2 22. Nxd6 Rxe1+ 23. Rxe1 cxd6 24. b3 Bxb3 25. cxb3 Re8 26. Ra1 Ra8 27. Bf5+ Kc7 28. Re1 Kd8 29. Rc1 c5 30. Be4 Rb8 31. Bd5 f6 32. Ra1 Rb4 33. Ra4 Rxa4 34. bxa4 Kc7 35. a5 1-0

[Event "NAYCC U18"]
[Site "Toronto CAN"]
[Date "2013.08.14"]
[Round "1"]
[White "Nasir, Pi"]
[Black "Semianiuk, Konstantin"]
[Result "1-0"]
[WhiteElo "1947"]
[BlackElo "2315"]
[PlyCount "171"]
[GameId "2160767909292627"]
[EventDate "2013.08.14"]
[EventType "swiss"]
[EventRounds "9"]
[EventCountry "CAN"]
[SourceTitle "hb 2013"]

1. Nf3 d5 2. d4 c6 3. g3 Bf5 4. Bg2 Nf6 5. O-O h6 6. b3 e6 7. Ba3 Bxa3 8. Nxa3 Qe7 9. Nb1 Nbd7 10. c4 O-O 11. Qc1 Rfd8 12. Qa3 Qe8 13. Nc3 Ne4 14. Nxe4 Bxe4 15. Rac1 e5 16. cxd5 Bxd5 17. dxe5 Nxe5 18. Rfe1 f5 19. Qb4 Rab8 20. Qf4 Nxf3+ 21. Bxf3 Be6 22. e4 Qf7 23. Rcd1 g5 24. Qe5 Re8 25. Qc3 f4 26. g4 Rbd8 27. Kg2 Qg7 28. Qc5 a6 29. h3 Qf8 30. Qb6 Qe7 31. Rxd8 Rxd8 32. Rd1 Rxd1 33. Bxd1 Kf7 34. Bf3 Qd7 35. Qa5 Qe7 36. Qe5 c5 37. Qb8 c4 38. bxc4 Bxc4 39. a4 b5 40. Qc8 Qe6 41. Qc7+ Kf6 42. h4 gxh4 43. Qxf4+ Kg7 44. Qc7+ Kg6 45. Qc5 bxa4 46. e5 Kg7 47. Qc7+ Qf7 48. Qd6 Be6 49. Qxa6 Bb3 50. Be4 Qe6 51. Qa7+ Qf7 52. Qd4 Qe6 53. Qa7+ Kf8 54. Qb8+ Ke7 55. Bf5 Qc6+ 56. Kh2 Bf7 57. Qa7+ Kf8 58. Qe3 Kg7 59. Qd4 Kg8 60. Qd8+ Qe8 61. Qf6 Qb8 62. Bh7+ Kxh7 63. Qxf7+ Kh8 64. Qf6+ Kh7 65. Qf7+ Kh8 66. Qf6+ Kh7 67. Qe7+ Kg8 68. Qe6+ Kh7 69. Qd7+ Kh8 70. Qd6 Qb2 71. Qxh6+ Kg8 72. Qg6+ Kf8 73. Qf6+ Ke8 74. Qe6+ Kf8 75. Qf6+ Ke8 76. g5 Qb4 77. g6 Qf8 78. Qe6+ Kd8 79. Qd6+ Ke8 80. Qc6+ Ke7 81. Qc5+ Ke8 82. Qb5+ Ke7 83. Qb4+ Ke8 84. Qxa4+ Kd8 85. Qa8+ Ke7 86. Qxf8+ 1-0

[Event "NAYCC U18"]
[Site "Toronto CAN"]
[Date "2013.08.14"]
[Round "1"]
[White "Song, Guangyu"]
[Black "Cao, Jason"]
[Result "1-0"]
[WhiteElo "1609"]
[BlackElo "2297"]
[PlyCount "65"]
[GameId "2160767909292630"]
[EventDate "2013.08.14"]
[EventType "swiss"]
[EventRounds "9"]
[EventCountry "CAN"]
[SourceTitle "hb 2013"]

1. d4 Nf6 2. c4 e6 3. Nf3 b6 4. e3 Bb7 5. Bd3 Be7 6. Nc3 d5 7. cxd5 exd5 8. O-O O-O 9. Re1 Nbd7 10. Qc2 c5 11. b3 Rc8 12. Bb2 Bd6 13. Rad1 Qe7 14. e4 cxd4 15. exd5 Be5 16. Nxd4 Qc5 17. Nde2 Ng4 18. Bxh7+ Kh8 19. Qf5 Bxh2+ 20. Kf1 Ndf6 21. Ne4 Nxe4 22. Bxg7+ Kxg7 23. Qxg4+ Kxh7 24. Qxe4+ f5 25. Qh4+ Kg6 26. Nf4+ Bxf4 27. Re6+ Kg7 28. Qxf4 Rc7 29. Qh6+ Kg8 30. Rg6+ Kf7 31. Re1 Ba6+ 32. Kg1 Re7 33. Rf6+ 1-0

[Event "NAYCC U18"]
[Site "Toronto CAN"]
[Date "2013.08.14"]
[Round "1"]
[White "Sprumont, Oscar"]
[Black "Pamatmat, Jarod"]
[Result "0-1"]
[WhiteElo "1961"]
[BlackElo "2341"]
[PlyCount "101"]
[GameId "2160767909292631"]
[EventDate "2013.08.14"]
[EventType "swiss"]
[EventRounds "9"]
[EventCountry "CAN"]
[SourceTitle "EXT 2022"]
[Source "ChessBase"]
[SourceDate "2021.10.06"]
[SourceVersion "1"]
[SourceVersionDate "2021.10.06"]
[SourceQuality "1"]

1. Nf3 Nf6 2. c4 e6 3. g3 b6 4. Bg2 Bb7 5. O-O Be7 6. Nc3 O-O 7. b3 c5 8. Bb2 d5 9. cxd5 exd5 10. d4 Nbd7 11. e3 Rc8 12. Rc1 Re8 13. Qc2 Qc7 14. Rfd1 Bf8 15. Qb1 Qb8 16. Ne2 Bd6 17. Nf4 c4 18. Nd2 b5 19. Qa1 Nb6 20. a4 a6 21. axb5 axb5 22. Qa5 Bc6 23. bxc4 bxc4 24. Ba3 Bc7 25. Nb1 Na4 26. Qb4 Qxb4 27. Bxb4 Bxf4 28. gxf4 Nb2 29. Rd2 Nd3 30. Rxd3 cxd3 31. Bf1 Bb5 32. Rd1 Ba4 33. Re1 Rb8 34. Bc5 Bc2 35. Na3 d2 36. Nxc2 dxe1=Q 37. Nxe1 Ne4 38. Nd3 Rb3 39. Kg2 f6 40. Be2 Kf7 41. f5 Ra8 42. Kf3 Ra1 43. Nf4 Rg1 44. Nxd5 Nd2+ 45. Kf4 Rg2 46. Bd1 Rxf2+ 47. Kg4 Rb1 48. Nc3 Rc1 49. Bb4 Rxh2 50. e4 g5 51. Kg3 0-1

[Event "NAYCC U18"]
[Site "Toronto CAN"]
[Date "2013.08.14"]
[Round "1"]
[White "Ulrich, Thomas M"]
[Black "Zhang, Eric"]
[Result "1-0"]
[WhiteElo "2374"]
[BlackElo "2167"]
[PlyCount "61"]
[GameId "2160767909292632"]
[EventDate "2013.08.14"]
[EventType "swiss"]
[EventRounds "9"]
[EventCountry "CAN"]
[SourceTitle "EXT 2022"]
[Source "ChessBase"]
[SourceDate "2021.10.06"]
[SourceVersion "1"]
[SourceVersionDate "2021.10.06"]
[SourceQuality "1"]

1. d4 Nf6 2. c4 g6 3. Nc3 d5 4. Nf3 Bg7 5. Qb3 c6 6. cxd5 cxd5 7. Bg5 e6 8. e3 O-O 9. Ne5 Qa5 10. Be2 Nc6 11. Nxc6 bxc6 12. Qa4 Qb6 13. b4 Nd7 14. O-O e5 15. dxe5 Nxe5 16. Be7 Bg4 17. Bxf8 Rxf8 18. Rac1 Bh6 19. Qb3 d4 20. exd4 Bxc1 21. dxe5 Be6 22. Bc4 Bxc4 23. Qxc4 Ba3 24. Rb1 Rd8 25. b5 Rd2 26. Ne4 Rd4 27. Qxc6 Qxc6 28. bxc6 Rc4 29. c7 Rxc7 30. Nf6+ Kf8 31. Rb8+ 1-0

[Event "NAYCC U18"]
[Site "Toronto CAN"]
[Date "2013.08.14"]
[Round "1"]
[White "Williams, Justus D"]
[Black "Luo, Zhao Yang"]
[Result "1-0"]
[WhiteElo "2366"]
[BlackElo "1982"]
[PlyCount "37"]
[GameId "2160767909292633"]
[EventDate "2013.08.14"]
[EventType "swiss"]
[EventRounds "9"]
[EventCountry "CAN"]
[SourceTitle "EXT 2022"]
[Source "ChessBase"]
[SourceDate "2021.10.06"]
[SourceVersion "1"]
[SourceVersionDate "2021.10.06"]
[SourceQuality "1"]

1. Nf3 d5 2. g3 Nf6 3. Bg2 e6 4. O-O Be7 5. d4 O-O 6. c4 Re8 7. Qc2 c5 8. Rd1 Qb6 9. cxd5 exd5 10. Nc3 cxd4 11. Nxd4 Nc6 12. Be3 Qa6 13. Ndb5 Qa5 14. Bf4 Bd8 15. Nd6 Re7 16. Nxd5 Nxd5 17. Bxd5 Nb4 18. Bxf7+ Rxf7 19. Qb3 1-0

[Event "NAYCC U18"]
[Site "Toronto CAN"]
[Date "2013.08.15"]
[Round "2"]
[White "Cao, Jason"]
[Black "Sprumont, Oscar"]
[Result "1-0"]
[WhiteElo "2297"]
[BlackElo "1961"]
[PlyCount "63"]
[GameId "2160767909292634"]
[EventDate "2013.08.14"]
[EventType "swiss"]
[EventRounds "9"]
[EventCountry "CAN"]
[SourceTitle "EXT 2022"]
[Source "ChessBase"]
[SourceDate "2021.10.06"]
[SourceVersion "1"]
[SourceVersionDate "2021.10.06"]
[SourceQuality "1"]

1. e4 c6 2. d4 d5 3. e5 Bf5 4. Nf3 e6 5. Be2 c5 6. Be3 cxd4 7. Nxd4 Ne7 8. Nd2 Nbc6 9. N2f3 Bg6 10. O-O Nf5 11. Nxf5 Bxf5 12. Nd4 Bg6 13. Bb5 Qc7 14. c4 dxc4 15. Qa4 Be4 16. Rac1 Be7 17. Rxc4 O-O 18. Nxe6 fxe6 19. Rxe4 Nxe5 20. Rc1 Qb8 21. Qb3 Bd6 22. Qxe6+ Kh8 23. Rh4 Rf6 24. Qh3 h6 25. Bd4 Qf8 26. Re1 Rf5 27. Bd3 Rf3 28. Rxh6+ gxh6 29. Qxf3 Qg7 30. Qg3 Nf3+ 31. Qxf3 Qxd4 32. Qxb7 1-0

[Event "NAYCC U18"]
[Site "Toronto CAN"]
[Date "2013.08.15"]
[Round "2"]
[White "Chandra, Akshat"]
[Black "Inigo, Aquino"]
[Result "1-0"]
[WhiteElo "2395"]
[BlackElo "2241"]
[PlyCount "98"]
[GameId "2160767909292635"]
[EventDate "2013.08.14"]
[EventType "swiss"]
[EventRounds "9"]
[EventCountry "CAN"]
[SourceTitle "EXT 2022"]
[Source "ChessBase"]
[SourceDate "2021.10.06"]
[SourceVersion "1"]
[SourceVersionDate "2021.10.06"]
[SourceQuality "1"]

1. e4 e6 2. d4 d5 3. Nc3 Bb4 4. e5 c5 5. a3 Bxc3+ 6. bxc3 Ne7 7. a4 Qa5 8. Bd2 Qc7 9. Nf3 b6 10. Bb5+ Nec6 11. a5 Ba6 12. Bxa6 Nxa6 13. Qe2 Qb7 14. O-O b5 15. Be3 c4 16. Nh4 O-O 17. f4 f5 18. exf6 Rxf6 19. g4 Qd7 20. Qg2 b4 21. cxb4 Naxb4 22. a6 Rb8 23. Nf3 Rff8 24. Nh4 Rb6 25. f5 exf5 26. Nxf5 Ne7 27. Nxe7+ Qxe7 28. Bd2 Rxf1+ 29. Rxf1 Qe4 30. Qxe4 dxe4 31. Bxb4 Rxb4 32. Kf2 Kf7 33. Ke3+ Ke7 34. Kxe4 Rb2 35. Rf2 Ra2 36. Kd5 c3 37. Kc4 Ke6 38. Kxc3 Rxa6 39. Kc4 Ra4+ 40. Kc5 Ra5+ 41. Kb4 Ra1 42. c4 Kd6 43. Rf7 Rb1+ 44. Kc3 Rc1+ 45. Kb3 Rd1 46. d5 a5 47. Rxg7 Rd4 48. Rxh7 Rxg4 49. Rh6+ Kc5 1-0

[Event "NAYCC U18"]
[Site "Toronto CAN"]
[Date "2013.08.15"]
[Round "2"]
[White "Farrant-Diaz, Nathan"]
[Black "Sohal, Tanraj"]
[Result "0-1"]
[WhiteElo "1906"]
[BlackElo "2265"]
[PlyCount "54"]
[GameId "2160767909292637"]
[EventDate "2013.08.14"]
[EventType "swiss"]
[EventRounds "9"]
[EventCountry "CAN"]
[SourceTitle "EXT 2022"]
[Source "ChessBase"]
[SourceDate "2021.10.06"]
[SourceVersion "1"]
[SourceVersionDate "2021.10.06"]
[SourceQuality "1"]

1. d4 d5 2. c4 e6 3. Nc3 c6 4. Nf3 dxc4 5. a4 Bb4 6. e3 b5 7. Bd2 a5 8. axb5 Bxc3 9. Bxc3 cxb5 10. Qd2 Nf6 11. b3 Bb7 12. Bxa5 Ne4 13. Qa2 Qc8 14. Nd2 O-O 15. Nxe4 Bxe4 16. bxc4 Nc6 17. Qd2 b4 18. f3 Bg6 19. Ra2 b3 20. Ra1 Rxa5 21. Rxa5 Nxa5 22. Qc3 Qb7 23. Bd3 Bxd3 24. Qxd3 b2 25. O-O Nxc4 26. Rb1 Qb4 27. Qc2 Rb8 0-1